|
|
|
|
| LEADER |
00987nam a2200253 a 4500 |
| 001 |
110249 |
| 008 |
091027s1995 ii b 000 0 eng d |
| 010 |
|
|
|a 96900500
|
| 020 |
|
|
|a 8174880275
|
| 040 |
|
|
|a DLC
|c DLC
|
| 082 |
0 |
0 |
|a 338.954
|2 21
|
| 245 |
0 |
0 |
|a Indian economic policy :
|b structural adjustments /
|c editors, G.S. Batra & Narinder Kaur.
|
| 250 |
|
|
|a 1st ed.
|
| 260 |
|
|
|a New Delhi :
|b Anmol Publications,
|c 1995.
|
| 300 |
|
|
|a xi, 248 p. ;
|c 23 cm.
|
| 490 |
0 |
|
|a New economic policies in developing countries series ;
|v 6
|
| 504 |
|
|
|a Includes bibliographical references.
|
| 541 |
1 |
|
|e 00012506
|
| 650 |
|
0 |
|a Structural adjustment (Economic policy)
|z India.
|
| 700 |
1 |
|
|a Batra, G. S.
|
| 700 |
0 |
|
|a Narinder Kaur.
|
| 852 |
4 |
|
|a Ayesha Abed Library
|j General Shelf
|
| 999 |
|
|
|c 5392
|d 5392
|
| 952 |
|
|
|0 0
|1 0
|2 ddc
|4 0
|6 338_954000000000000_IND
|7 0
|9 5250
|a BRACUL
|b BRACUL
|c GEN
|d 2009-11-10
|g 0.00
|l 0
|o 338.954 IND
|p 3010012506
|r 2009-11-10
|t 1
|w 2009-11-10
|y BK
|x No price found in the accession register.
|